10 largest cities in Germany - Statistics

General Stats
  • This quiz has been taken 99 times
    77 since last reset
  • The average score is 8 of 10
Answer Stats
Population Answer % Correct
3.664.088 Berlin
100%
1.852.478 Hamburg
98%
1.488.202 Munich
97%
764.104 Frankfurt am Main
91%
1.083.498 Cologne
83%
587.696 Dortmund
78%
630.305 Stuttgart
77%
597.493 Leipzig
71%
620.523 Düsseldorf
68%
582.415 Essen
58%
No matching quizzes found
Score Distribution
Percent of People with Each Score
Percentile by Number Answered
Your Score History
You have not taken this quiz since the last reset